| 000 | 00578nam a2200181Ia 4500 | ||
|---|---|---|---|
| 003 | GCL | ||
| 008 | 140319s9999 xx 000 0 ara d | ||
| 040 |
_aGCL / _cGCL |
||
| 082 | 0 | 4 |
_aق _b962.054 _bل م |
| 100 | 1 | _aعبدالرحمن فهمى | |
| 245 | 1 | 0 |
_aمصر والحرب العالمية الثانية / _cعبدالرحمن فهمى |
| 700 | 1 | _aليجول، جان | |
| 300 | _a18 ص | ||
| 490 | _a | ||
| 650 | 0 | 4 | _aالحرب العالمية الثانية 1939 - 1945 |
| 650 | 0 | 4 | _aمصر - تاريخ - العصر الحديث (1805 - 1956 ) |
| 942 |
_2ddc _cBK |
||
| 999 |
_c45444 _d45444 |
||